Countries that Intervened in the Russian Civil War - Statistics

General Stats
  • This quiz has been taken 56 times
  • The average score is 23 of 30
Answer Stats
Hint Answer % Correct
Central-Powers Germany
96%
Allied-Powers United Kingdom
96%
Central-Powers Austria
94%
Allied-Powers France
93%
Allied-Powers United States
93%
Allied-Powers Japan
89%
Separatist Ukraine
89%
Allied-Powers China
87%
Central-Powers Turkey
87%
Central-Powers Finland
85%
Seperatist Estonia
81%
Seperatist Latvia
81%
Seperatist Lithuania
81%
Allied-Powers Italy
80%
Supported Belarus
78%
Allied-Powers Poland
78%
Allied-Powers Romania
78%
Allied-Powers Greece
76%
Allied-Powers Belgium
74%
Allied-Powers Georgia
74%
Allied-Powers Canada
72%
Allied-Powers Mongolia
70%
Allied-Powers Serbia
70%
Allied Australia
67%
Central-Powers Azerbaijan
65%
Allied-Powers India
61%
Supported Russia
61%
Allied-Powers Iran
56%
Non-aligned Czechia
48%
Allied-Powers South Africa
46%
No matching quizzes found
Score Distribution
Percent of People with Each Score
Percentile by Number Answered
Your Score History
You have not taken this quiz